Periodic Table Symbols - Sudden Death - Statistics

General Stats
  • This quiz has been taken 12,579 times
  • The average score is 13 of 50
Answers on the Grid
Answers color-coded by a green-red scale on the quiz's grid according to % correct below.
A
Aa
Ag
Aj
At
Au
Be
Bh
Bi
By
Bz
C
Cd
Ch
Co
Cp
Cz
D
Db
Ds
Ea
Et
Eu
F
Fe
Fr
Fu
Ga
Gn
Go
Ha
Hg
Hi
Hs
I
In
Io
J
Jh
Jp
K
Kr
Ky
La
Li
Mc
Md
My
N
Nb
Nc
Nm
Np
O
On
Oo
Os
P
Pb
Ph
Pi
Pt
Q
Qt
Qu
Qz
R
Rn
Ro
Ru
S
Sb
Sn
So
Sr
Su
Sv
T
Ta
Tc
Te
Tn
U
Uk
Um
Us
V
Va
W
Wa
We
X
Xe
Xi
Y
Yb
Ye
Yt
Z
Zr
 
Answer Stats
Answer % Correct
Au
83%
Ag
80%
C
70%
Be
65%
Fe
54%
Co
51%
Cd
40%
F
40%
Bi
39%
O
39%
K
37%
Ga
34%
Hg
34%
I
34%
Li
34%
N
33%
At
31%
Fr
30%
Pb
30%
P
29%
Kr
25%
S
21%
Eu
20%
Sn
18%
Db
17%
Pt
17%
In
15%
Xe
15%
U
14%
Bh
13%
Ds
13%
Os
13%
Rn
13%
Sb
13%
La
12%
Nb
12%
Zr
12%
Md
11%
Ru
11%
Sr
11%
Te
10%
W
9%
V
8%
Yb
8%
Ta
7%
Tc
7%
Y
7%
Hs
6%
Np
6%
Mc
5%
No matching quizzes found
Score Distribution
Percent of People with Each Score
Percentile by Number Answered
Your Score History
You have not taken this quiz